[Event "Elit(Burgsvik-LASK)"]
[Site "?"]
[Date "2014.03.07"]
[Round "7"]
[White "Larsson, Victor"]
[Black "Stuvik Holm, Kristian"]
[Result "0-1"]
[WhiteElo "2249"]
[BlackElo "2349"]
[PlyCount "134"]

1. d4 Nf6 2. c4 e6 3. Nc3 Bb4 4. e3 O-O 5. Bd3 c5 6. a3 Bxc3+ 7. bxc3 d5 8. Nf3
dxc4 9. Bxc4 b6 10. O-O Qc7 11. Qe2 Bb7 12. Bb2 Nbd7 13. Bd3 Be4 14. Bb5 Ng4
15. g3 Bb7 16. e4 Bc6 17. Bxc6 Qxc6 18. c4 Ngf6 19. e5 Ne8 20. d5 exd5 21. cxd5
Qxd5 22. Rad1 Qc6 23. Ng5 h6 24. Ne4 c4 25. Qf3 Rc8 26. Qf5 Nc5 27. Nd6 Nxd6
28. Rxd6 Qe4 29. Qh5 Ne6 30. Bc1 Rc5 31. f4 Nd4 32. Qd1 Nf5 33. Re1 Qb1 34. Rd7
a5 35. a4 Rc6 36. Qd5 Qb4 37. Qe4 Rcc8 38. Red1 Qc5+ 39. Kg2 Qc6 40. R1d5 Qg6
41. Kf2 c3 42. Qe2 h5 43. Qd3 Qg4 44. Rb7 Qh3 45. Kg1 h4 46. e6 hxg3 47. hxg3
Qxg3+ 48. Qxg3 Nxg3 49. e7 Ne2+ 50. Kf1 Nxc1 51. exf8=Q+ Rxf8 52. Rc7 Na2 53.
Rdd7 Kh7 54. Ke2 Kg6 55. Kd3 f6 56. Kc2 Re8 57. Rxg7+ Kf5 58. Rge7 Nb4+ 59. Kb3
Rxe7 60. Rxe7 Kxf4 61. Re6 Nd5 62. Kc4 c2 63. Re1 Nb4 64. Kb3 Kf3 65. Rh1 Kg2
66. Re1 f5 67. Kc3 c1=Q+ 0-1

[Event "Elit(Orgryte-Upsala)"]
[Site "?"]
[Date "2014.03.07"]
[Round "7"]
[White "Glimbrant, Torbjorn"]
[Black "Tukhaev, Adam"]
[Result "0-1"]
[WhiteElo "2336"]
[BlackElo "2635"]
[PlyCount "104"]
[SourceDate "2014.03.13"]

1. d4 Nf6 2. Nf3 g6 3. c4 Bg7 4. Nc3 O-O 5. e4 d6 6. Be3 Nbd7 7. h3 e5 8. dxe5
dxe5 9. c5 Qe7 10. Nd5 Nxd5 11. Qxd5 Nf6 12. Qc4 Bd7 13. c6 Bxc6 14. Bc5 Qe8
15. Bd3 Nd7 16. Bxf8 Bxf8 17. O-O Nc5 18. Rfe1 a5 19. Qc2 b5 20. Rad1 Bd6 21.
Nh2 h5 22. Nf3 Kg7 23. Nd2 Ne6 24. Rc1 Nd4 25. Qd1 Bb4 26. Re3 Rd8 27. Nf1 Be7
28. Re1 Bb4 29. Re3 a4 30. Rg3 Ne6 31. Qc2 Nd4 32. Qd1 h4 33. Rg4 Bd7 34. Rxh4
Be7 35. Rg4 Bxg4 36. Qxg4 Ne6 37. Be2 Bg5 38. Rd1 Rxd1 39. Bxd1 Qd8 40. Be2 Nd4
41. Ng3 Kf8 42. Bf1 c5 43. Ne2 c4 44. Nc3 Bc1 45. Qd1 Qg5 46. h4 Qd2 47. Qg4
Bxb2 48. Nd5 Ne6 49. h5 Bd4 50. hxg6 Qxf2+ 51. Kh2 Qxf1 52. Qh4 Qg1+ 0-1

[Event "Elit(Orgryte-Upsala)"]
[Site "?"]
[Date "2014.03.07"]
[Round "7"]
[White "Gajic, Mladen"]
[Black "Johansson, Jan"]
[Result "0-1"]
[WhiteElo "2309"]
[BlackElo "2407"]
[PlyCount "62"]

1. e4 d6 2. d4 Nf6 3. Nc3 e5 4. dxe5 dxe5 5. Qxd8+ Kxd8 6. Bg5 Be6 7. O-O-O+
Kc8 8. f4 exf4 9. Nf3 Bb4 10. Bxf6 gxf6 11. Nd5 Bc5 12. Nxf6 Bxa2 13. b3 Ba3+
14. Kd2 Rd8+ 15. Bd3 Nc6 16. Nd5 f5 17. Kc3 a5 18. Ra1 Nb4 19. Ne7+ Kb8 20.
Nxf5 a4 21. bxa4 Ra5 22. Rxa2 Nxa2+ 23. Kb3 Nc1+ 24. Kxa3 Nxd3 25. cxd3 Rxd3+
26. Kb4 b6 27. e5 Kb7 28. Re1 Rc5 29. a5 Rcc3 30. axb6 Kxb6 31. Ka4 Rc4# 0-1

[Event "Elit(Orgryte-Upsala)"]
[Site "?"]
[Date "2014.03.07"]
[Round "7"]
[White "Andersson, Fredrik"]
[Black "Ziegler, Ari"]
[Result "0-1"]
[WhiteElo "2357"]
[BlackElo "2353"]
[PlyCount "102"]
[SourceDate "2014.03.13"]

1. e4 e5 2. Nf3 Nc6 3. Bb5 a6 4. Ba4 Nge7 5. O-O g6 6. c3 Bg7 7. d4 b5 8. Bb3
d6 9. a4 bxa4 10. Rxa4 O-O 11. Bg5 h6 12. Be3 Kh7 13. dxe5 Bxe5 14. Nxe5 Nxe5
15. h3 Bd7 16. Rd4 N7c6 17. Rd2 Na5 18. Bd5 Nac4 19. Bxa8 Nxe3 20. fxe3 Qxa8
21. Rd4 Bc6 22. Nd2 Kg7 23. Qe2 Re8 24. Qf2 Bb5 25. c4 Bc6 26. Nf3 Nd7 27. c5
Bb5 28. cxd6 c5 29. Rdd1 Bxf1 30. Rxf1 Qxe4 31. Ng5 Qf5 32. Nxf7 Qxf2+ 33. Rxf2
Rf8 34. Nxh6 Kxh6 35. Rd2 Rf6 36. Kh2 Kg7 37. Kg3 Kf7 38. Kg4 Ke6 39. Kg5 a5
40. h4 a4 41. g4 Ne5 42. Kh6 Nxg4+ 43. Kg7 Ne5 44. e4 Rf7+ 45. Kh6 Rf4 46. d7
Rxh4+ 47. Kg7 Nxd7 48. Kxg6 Rxe4 49. Kg5 Ne5 50. Rc2 c4 51. Rd2 Nf3+ 0-1

[Event "Elit(Orgryte-Upsala)"]
[Site "?"]
[Date "2014.03.07"]
[Round "7"]
[White "Arnelind, Mikael"]
[Black "Malm Lindberg, Henrik"]
[Result "1/2-1/2"]
[WhiteElo "2229"]
[BlackElo "2274"]
[PlyCount "95"]

1. d4 Nf6 2. c4 e6 3. Nc3 Bb4 4. e3 O-O 5. Bd3 d5 6. Nf3 c5 7. O-O dxc4 8. Bxc4
cxd4 9. exd4 b6 10. Bg5 Bb7 11. Rc1 Nbd7 12. Re1 Rc8 13. Qb3 Be7 14. Bxf6 Bxf6
15. Nb5 a5 16. Nd6 Rc7 17. Nxb7 Rxb7 18. Bb5 Qb8 19. Re2 Rd8 20. Rec2 Nf8 21.
Qe3 Ng6 22. g3 Ne7 23. Qe4 Nf5 24. Bd3 g6 25. Ba6 Rbd7 26. Rc8 Qd6 27. Bb5 Rxc8
28. Rxc8+ Rd8 29. Qa8 Rxc8 30. Qxc8+ Kg7 31. Qd7 Qxd7 32. Bxd7 Kf8 33. g4 Nxd4
34. Nxd4 Bxd4 35. b3 Ke7 36. Bb5 f5 37. gxf5 exf5 38. Kg2 g5 39. Bd3 Kf6 40. a4
g4 41. Bb5 Kg5 42. Bd7 Kf4 43. Bc6 h5 44. f3 h4 45. h3 gxh3+ 46. Kxh3 Bf2 47.
Bb7 Be1 48. Bc6 1/2-1/2

[Event "Elit(Orgryte-Upsala)"]
[Site "?"]
[Date "2014.03.07"]
[Round "7"]
[White "Marttala, Thomas"]
[Black "Kumar, Rahul"]
[Result "1/2-1/2"]
[WhiteElo "2227"]
[BlackElo "2245"]
[PlyCount "81"]

1. e4 g6 2. d4 Bg7 3. Nf3 d6 4. Bc4 Nf6 5. Qe2 O-O 6. O-O Bg4 7. Rd1 Nfd7 8. h3
Bxf3 9. Qxf3 Nc6 10. c3 e5 11. Be3 Kh8 12. Bb5 Qe7 13. dxe5 Ncxe5 14. Qg3 f5
15. Nd2 a6 16. Bf1 Qf7 17. f4 Nc6 18. Bd3 Ne7 19. Nf3 fxe4 20. Ng5 Qg8 21. Bxe4
d5 22. Bc2 Rae8 23. Bd4 Nf6 24. Qf2 h6 25. Nf3 Ne4 26. Bxg7+ Qxg7 27. Bxe4 dxe4
28. Ne5 g5 29. Rd7 gxf4 30. Qd4 Qf6 31. Qxe4 Nf5 32. Nf7+ Kg8 33. Qxf5 Rxf7 34.
Qxf6 Rxf6 35. Rxc7 Re2 36. Rd1 Rxb2 37. Rd8+ Rf8 38. Rdd7 Re8 39. a4 f3 40.
Rg7+ Kh8 41. Rh7+ 1/2-1/2

[Event "Elit(Orgryte-Upsala)"]
[Site "?"]
[Date "2014.03.07"]
[Round "7"]
[White "Eksmyr, Johan"]
[Black "Burwick, Malte"]
[Result "1-0"]
[WhiteElo "2205"]
[BlackElo "2294"]
[PlyCount "111"]

1. d4 d6 2. e4 g6 3. Be3 Bg7 4. Qd2 Nd7 5. h4 h5 6. Bd3 c5 7. c3 Ngf6 8. f3 a6
9. a4 b6 10. Na3 Qc7 11. Nh3 Nb8 12. Nf4 Nc6 13. Nc4 Bd7 14. O-O O-O 15. b4 e5
16. dxe5 Nxe5 17. Nxe5 dxe5 18. Ne2 Rfd8 19. bxc5 bxc5 20. c4 Be6 21. Qc2 Qd6
22. Rfd1 Kh7 23. Nc3 Bh6 24. Bf2 Kg7 25. a5 Bd7 26. Be2 Qf8 27. Rab1 Rdb8 28.
Rb6 Rxb6 29. axb6 Rb8 30. Nd5 Be6 31. Qc3 Bxd5 32. cxd5 Nd7 33. Rb1 Qd6 34. b7
Kg8 35. Qa5 g5 36. Qxa6 Qxa6 37. Bxa6 gxh4 38. Kf1 Bd2 39. Ke2 Ba5 40. Kd3 Kf8
41. Kc4 Ke7 42. Kb5 Bc7 43. Kc6 Bd6 44. Bxh4+ f6 45. Bf2 Rg8 46. Bf1 Rd8 47. g3
Nb8+ 48. Kb6 Nd7+ 49. Kb5 Nb8 50. Bh3 Rg8 51. Be6 Rg7 52. Rh1 c4 53. Rxh5 c3
54. Rh8 f5 55. g4 Bc7 56. Rc8 1-0

[Event "Elit(Orgryte-Upsala)"]
[Site "?"]
[Date "2014.03.07"]
[Round "7"]
[White "Thorgeirsson, Sverrir"]
[Black "Fransson, Patrick"]
[Result "1-0"]
[WhiteElo "2211"]
[BlackElo "2198"]
[PlyCount "89"]

1. d4 f5 2. Bg5 g6 3. Nc3 d5 4. e3 Nf6 5. Bxf6 exf6 6. Bd3 c6 7. h4 Be6 8. Qf3
h5 9. Nge2 Bd6 10. Nf4 Bf7 11. Nce2 Nd7 12. O-O-O Qa5 13. Kb1 O-O-O 14. Nc1 Qc7
15. Nb3 Kb8 16. g3 b5 17. c3 Nb6 18. Kc2 a6 19. Ra1 Na4 20. Rhb1 Ka7 21. Bf1
Rb8 22. a3 Rhc8 23. Nd3 Qe7 24. Kd2 Rc7 25. Na5 c5 26. dxc5 Bxc5 27. Nb3 Rbc8
28. Nbxc5 Nxc5 29. Nxc5 Rxc5 30. Qf4 g5 31. Qd4 Kb8 32. a4 Qb7 33. axb5 axb5
34. Qxf6 gxh4 35. Qxh4 Rc4 36. Bxc4 dxc4 37. Qf4+ Rc7 38. Rd1 b4 39. Kc1 Qc6
40. Rd8+ Kb7 41. Raa8 Qh1+ 42. Kd2 bxc3+ 43. bxc3 Rd7+ 44. Rxd7+ Kxa8 45. Rd8+
1-0

[Event "Elit(Orgryte-Upsala)"]
[Site "?"]
[Date "2014.03.07"]
[Round "7"]
[White "Fransson, Percy"]
[Black "Johansson, Carl Fredrik"]
[Result "1/2-1/2"]
[WhiteElo "2208"]
[BlackElo "2224"]
[PlyCount "26"]

1. e4 Nf6 2. Nc3 e5 3. f4 d5 4. fxe5 Nxe4 5. d3 Bb4 6. dxe4 Qh4+ 7. Ke2 Bxc3 8.
bxc3 Bg4+ 9. Nf3 dxe4 10. Qd4 Bh5 11. Ke3 Bxf3 12. gxf3 Qe1+ 13. Kf4 Qh4+
1/2-1/2

[Event "Elit(Farsta-Team Viking)"]
[Site "?"]
[Date "2014.03.07"]
[Round "7"]
[White "Ivanov, Sergey"]
[Black "Nikcevic, Nebojsa"]
[Result "0-1"]
[WhiteElo "2624"]
[BlackElo "2494"]
[PlyCount "84"]
[EventDate "2014.??.??"]

1. d4 d5 2. c4 dxc4 3. e3 Nf6 4. Bxc4 e6 5. Nf3 a6 6. O-O b5 7. Bd3 Bb7 8. Qe2
Nbd7 9. e4 c5 10. d5 c4 11. Bc2 e5 12. a4 Bd6 13. Nc3 b4 14. Nd1 a5 15. Ne3 O-O
16. Nxc4 Ba6 17. Be3 b3 18. Bd3 Bxc4 19. Bxc4 Nxe4 20. Bxb3 f5 21. Bc2 Ndf6 22.
Rfc1 Rb8 23. Bxe4 Nxe4 24. Rc4 h6 25. Rac1 Nf6 26. Bc5 Re8 27. g3 f4 28. Bxd6
Qxd6 29. Rc6 Qxd5 30. R6c5 Qd7 31. Qc4+ Kh7 32. Nxe5 Qh3 33. Qd3+ Kg8 34. Qc4+
Kh7 35. Qd3+ Kg8 36. Qg6 Rxe5 37. Rc7 Ne8 38. gxf4 Rh5 39. Rxg7+ Nxg7 40. Rc7
Qxh2+ 41. Kf1 Qh1+ 42. Ke2 Rxb2+ 0-1

[Event "Elit(Farsta-Team Viking)"]
[Site "?"]
[Date "2014.03.07"]
[Round "7"]
[White "von Bahr, Oskar"]
[Black "Agrest, Evgenij"]
[Result "1/2-1/2"]
[WhiteElo "2368"]
[BlackElo "2684"]
[PlyCount "111"]

1. c4 e5 2. g3 d6 3. Bg2 f5 4. Nc3 Nf6 5. d4 Be7 6. e3 O-O 7. Nge2 Kh8 8. O-O
Qe8 9. b3 c6 10. Ba3 Na6 11. Qd2 e4 12. f3 d5 13. Bxe7 Qxe7 14. cxd5 cxd5 15.
fxe4 fxe4 16. Nf4 Nc7 17. Rac1 g5 18. Nfe2 Be6 19. Na4 b6 20. Rc6 Nce8 21. Rc2
Ng7 22. Rfc1 Rac8 23. Rxc8 Bxc8 24. Rf1 Be6 25. Nac3 Kg8 26. Nd1 a5 27. Nf2 Qd7
28. Nc3 h5 29. Na4 Qd6 30. Rc1 Bd7 31. Nc3 h4 32. gxh4 g4 33. Ne2 Nfh5 34. Nh1
Nf5 35. Nhg3 Nhxg3 36. hxg3 Nxg3 37. Nxg3 Qxg3 38. Qe1 Qxe1+ 39. Rxe1 Rc8 40.
Kh2 Rc2 41. Kg3 Rxa2 42. Rc1 Re2 43. Rc3 b5 44. h5 b4 45. Rc7 Bf5 46. Ra7 Be6
47. Re7 Bf5 48. Ra7 Bh7 49. Rxa5 Rxe3+ 50. Kxg4 Rxb3 51. Rxd5 Rc3 52. Rd8+ Kg7
53. Rd7+ Kg8 54. Rd8+ Kg7 55. Rd7+ Kg8 56. Rd8+ 1/2-1/2

[Event "Elit(Farsta-Team Viking)"]
[Site "?"]
[Date "2014.03.07"]
[Round "7"]
[White "Berg, Emanuel"]
[Black "Lissang, Christopher"]
[Result "1-0"]
[WhiteElo "2560"]
[BlackElo "2285"]
[PlyCount "43"]

1. e4 c6 2. d4 d5 3. Nc3 dxe4 4. Nxe4 Nf6 5. Nxf6+ exf6 6. c3 Bd6 7. Bd3 O-O 8.
Qc2 Re8+ 9. Ne2 g6 10. h4 Be6 11. h5 f5 12. c4 Na6 13. a3 Qa5+ 14. Qd2 Nb4 15.
O-O Qa6 16. axb4 Qxa1 17. b3 a5 18. c5 Bc7 19. Bb2 Bh2+ 20. Kxh2 Qxf1 21. Nf4
Qxd3 22. Qxd3 1-0

[Event "Elit(Farsta-Team Viking)"]
[Site "?"]
[Date "2014.03.07"]
[Round "7"]
[White "Ernst, Thomas"]
[Black "Cramling, Pia"]
[Result "0-1"]
[WhiteElo "2356"]
[BlackElo "2530"]
[PlyCount "84"]

1. e4 c5 2. Nf3 e6 3. d3 Nc6 4. g3 g6 5. Bg2 Bg7 6. O-O Nge7 7. Re1 d6 8. c3 e5
9. Nbd2 O-O 10. a4 h6 11. Nc4 Be6 12. a5 Qc7 13. Qa4 Bd7 14. Qa2 Rab8 15. Ne3
Kh7 16. Nd5 Qd8 17. Nd2 f5 18. Nc4 Be6 19. f4 Bg8 20. Bd2 Nxd5 21. exd5 Ne7 22.
fxe5 dxe5 23. Qa3 Bxd5 24. Qxc5 Bxg2 25. Kxg2 Rc8 26. Qf2 Qd5+ 27. Kg1 Nc6 28.
a6 b6 29. Rad1 Qxd3 30. Nxb6 axb6 31. Bxh6 Qxa6 32. Bxg7 Kxg7 33. Rd7+ Rf7 34.
Red1 Rc7 35. R7d6 Qc4 36. Qxb6 f4 37. Qf2 f3 38. R6d2 e4 39. Re1 Ne5 40. Rd4
Nd3 41. Rxc4 Rxc4 42. Rxe4 Rxe4 0-1

[Event "Elit(Farsta-Team Viking)"]
[Site "?"]
[Date "2014.03.07"]
[Round "7"]
[White "Westerberg, Jonathan"]
[Black "Jaderberg, Bjorn"]
[Result "1-0"]
[WhiteElo "2476"]
[BlackElo "2207"]
[PlyCount "47"]

1. e4 g6 2. d4 Bg7 3. Nf3 d6 4. Bc4 e6 5. Bb3 a6 6. O-O Ne7 7. Re1 Nd7 8. c3 h6
9. Nbd2 b6 10. Nf1 Bb7 11. Ng3 O-O 12. h4 Nf6 13. Bc2 h5 14. Qe2 Ng4 15. Ng5 c5
16. f3 Nh6 17. Be3 Qc7 18. Qd2 d5 19. Bf4 e5 20. dxe5 Bxe5 21. Bxe5 Qxe5 22.
exd5 Qxd5 23. Qf4 Nef5 24. Rad1 1-0

[Event "Elit(Farsta-Team Viking)"]
[Site "?"]
[Date "2014.03.07"]
[Round "7"]
[White "Svensk, Ingemar"]
[Black "Bellon Lopez, Juan"]
[Result "0-1"]
[WhiteElo "2249"]
[BlackElo "2428"]
[PlyCount "158"]

1. e4 c5 2. Nf3 e6 3. d4 cxd4 4. Nxd4 a6 5. Nc3 Qc7 6. g3 d6 7. Bg2 Be7 8. O-O
Nf6 9. a4 Bd7 10. Be3 Nc6 11. Nxc6 Bxc6 12. a5 Rc8 13. Bb6 Qb8 14. Re1 Nd7 15.
Bd4 O-O 16. Na4 Bxa4 17. Rxa4 Qc7 18. c3 Bf6 19. Bxf6 Nxf6 20. Rd4 Rfd8 21. Qa4
Qc5 22. e5 dxe5 23. Rxd8+ Rxd8 24. Qb4 Qxb4 25. cxb4 e4 26. Bxe4 Nxe4 27. Rxe4
Rd5 28. Rc4 Kf8 29. Kf1 Ke7 30. Ke2 Kd7 31. h4 h5 32. Ke3 e5 33. f4 exf4+ 34.
Rxf4 f6 35. g4 Ke6 36. Rc4 g6 37. gxh5 Rxh5 38. Rg4 Re5+ 39. Kf3 g5 40. hxg5
fxg5 41. Rc4 Rf5+ 42. Ke3 Kd6 43. b3 Rf1 44. Rd4+ Ke6 45. Rc4 Rb1 46. Rc3 Kd6
47. Ke2 Rh1 48. Rg3 Rh5 49. Rd3+ Ke6 50. Re3+ Kf6 51. Rf3+ Kg6 52. Rd3 Rh7 53.
Rd6+ Kh5 54. Kf3 Kh4 55. Kg2 Rc7 56. Rh6+ Kg4 57. Rb6 Rc2+ 58. Kf1 Kf3 59. Ke1
Rc1+ 60. Kd2 Rc7 61. Rf6+ Kg3 62. b5 axb5 63. Rf5 g4 64. Rxb5 Kh4 65. Rb6 g3
66. Rg6 Rh7 67. Kd3 Kh3 68. Ke4 g2 69. b4 Rh5 70. Kf3 Rf5+ 71. Ke4 Rb5 72. Kf3
Rf5+ 73. Ke4 Rf1 74. Kd5 g1=Q 75. Rxg1 Rxg1 76. Kc5 Rg6 77. b5 Kg4 78. b6 Rc6+
79. Kb5 Rc1 0-1

[Event "Elit(Farsta-Team Viking)"]
[Site "?"]
[Date "2014.03.07"]
[Round "7"]
[White "Sagit, Rauan"]
[Black "Wieweg, Johnny"]
[Result "0-1"]
[WhiteElo "2430"]
[BlackElo "2153"]
[PlyCount "84"]

1. e4 e5 2. Nf3 Nc6 3. Bb5 g6 4. O-O Bg7 5. c3 d6 6. d4 Bd7 7. Re1 a6 8. Ba4 b5
9. Bb3 Nf6 10. h3 O-O 11. a4 h6 12. Na3 Re8 13. axb5 axb5 14. dxe5 dxe5 15. Bd2
Na5 16. Bc2 c5 17. Qe2 c4 18. Rad1 Qc8 19. Be3 Ra6 20. Nh2 g5 21. Nf1 Bf8 22.
Ra1 Nb7 23. Ng3 Nc5 24. h4 Ne6 25. Nf5 Nf4 26. Bxf4 gxf4 27. Rad1 Bxf5 28. exf5
Bxa3 29. bxa3 Qc5 30. a4 bxa4 31. Rb1 e4 32. Rb4 e3 33. f3 Rc8 34. Be4 Rd6 35.
Ra1 Rd2 36. Qe1 Nxe4 37. fxe4 Qe5 38. Rd1 Qxc3 39. Rxa4 Qc2 40. Rda1 Rxg2+ 41.
Kf1 Rh2 42. R4a2 Rh1# 0-1

[Event "Elit(Farsta-Team Viking)"]
[Site "?"]
[Date "2014.03.07"]
[Round "7"]
[White "Lagerborg, Krister"]
[Black "Pettersson, Anders"]
[Result "1/2-1/2"]
[WhiteElo "2170"]
[BlackElo "2355"]
[PlyCount "94"]

1. e4 c5 2. Nf3 g6 3. d4 cxd4 4. Nxd4 Nc6 5. Be3 Bg7 6. Nc3 Nf6 7. Bc4 O-O 8.
Bb3 a5 9. a3 Ng4 10. Qxg4 Nxd4 11. Qd1 Nxb3 12. cxb3 d6 13. Bd4 Bg4 14. Qd3 Ra6
15. O-O Be6 16. Bxg7 Kxg7 17. Nd5 Rc6 18. Rac1 Kg8 19. Qb5 Bxd5 20. exd5 Qb6
21. Qxb6 Rxb6 22. Rc3 Re8 23. f4 Rb5 24. Rd1 Kg7 25. Kf2 Rd8 26. Rdd3 Rd7 27.
Rc4 Kf6 28. g4 h6 29. h4 h5 30. g5+ Kf5 31. Kf3 Rc5 32. Re4 e6 33. dxe6 fxe6
34. Red4 Rc1 35. Rxd6 Rxd6 36. Rxd6 Rf1+ 37. Kg3 Rxf4 38. Rd7 Rg4+ 39. Kh3 Re4
40. Rf7+ Ke5 41. Rxb7 Re3+ 42. Kg2 Re2+ 43. Kf3 Rxb2 44. Rb5+ Kd4 45. Rb6 Ke5
46. Rb5+ Kd4 47. Rb6 Ke5 1/2-1/2

[Event "Elit(Eksjo-Vasteras)"]
[Site "?"]
[Date "2014.03.07"]
[Round "7"]
[White "Sjodahl, Pontus"]
[Black "Carlsson, Pontus"]
[Result "1-0"]
[WhiteElo "2488"]
[BlackElo "2597"]
[PlyCount "103"]

1. d4 e6 2. c4 Nf6 3. Nc3 Bb4 4. e3 O-O 5. Nge2 Re8 6. a3 Bf8 7. d5 d6 8. Ng3
c6 9. Be2 exd5 10. cxd5 Nxd5 11. Nxd5 cxd5 12. Qxd5 Nc6 13. O-O Be6 14. Qb5 a6
15. Qxb7 Bd5 16. Bf3 Ra7 17. Qxa7 Nxa7 18. Bxd5 Nc8 19. Bd2 Nb6 20. Bf3 d5 21.
Bc3 g6 22. Rfd1 Bg7 23. Ne2 Bxc3 24. Nxc3 Qf6 25. Rd4 Re5 26. Rad1 Kg7 27. Nxd5
Nxd5 28. Bxd5 a5 29. g3 Qb6 30. b3 Re7 31. Bc4 Qc5 32. a4 Qa3 33. Rd7 h5 34. h4
Qb4 35. R1d5 Kf8 36. R7d6 Kg7 37. Kg2 Qb7 38. Ra6 Re6 39. Raxa5 Rf6 40. Rab5
Qc8 41. Rd4 Qc6+ 42. Rbd5 Rd6 43. a5 Rxd5 44. Rxd5 Qe6 45. Rd4 Qc6+ 46. Kg1 Kh6
47. a6 f6 48. Bf1 Qb6 49. b4 g5 50. b5 gxh4 51. Rxh4 Qa5 52. Bg2 1-0

[Event "Elit(Eksjo-Vasteras)"]
[Site "?"]
[Date "2014.03.07"]
[Round "7"]
[White "Bejtovic, Jasmin"]
[Black "Akesson, Ralf"]
[Result "0-1"]
[WhiteElo "2459"]
[BlackElo "2438"]
[PlyCount "92"]

1. e4 c5 2. Nf3 e6 3. d4 cxd4 4. Nxd4 Nc6 5. Nc3 Qc7 6. f4 a6 7. Nxc6 Qxc6 8.
Bd3 b5 9. Qe2 Bb7 10. Bd2 Be7 11. a3 Rc8 12. O-O-O Nf6 13. Kb1 O-O 14. h4 h5
15. Rh3 Ng4 16. Rg3 Qb6 17. Rxg4 hxg4 18. e5 f5 19. exf6 Rxf6 20. Qxg4 Qf2 21.
Ne4 Bxe4 22. Bxe4 a5 23. Bc1 d5 24. Rxd5 Rxc2 25. Bxc2 exd5 26. Qd7 Qc5 27. Bb3
Kf8 28. Bd2 b4 29. a4 Rd6 30. Qf5+ Bf6 31. g4 Qd4 32. Qc8+ Rd8 33. Qc1 Bxh4 34.
g5 Bf2 35. Qc7 Qb6 36. Qe5 Qd6 37. Qe2 Qc5 38. f5 Qd4 39. Ka2 Re8 40. Qh5 Qxd2
41. Qh8+ Ke7 42. Qxg7+ Kd8 43. Qf7 Re2 44. Qf6+ Kc7 45. g6 Bd4 46. Qf7+ Kb6 0-1

[Event "Elit(Eksjo-Vasteras)"]
[Site "?"]
[Date "2014.03.07"]
[Round "7"]
[White "Eriksson, Anders"]
[Black "Mikkelsen, Nikolaj"]
[Result "1-0"]
[WhiteElo "2352"]
[BlackElo "2467"]
[PlyCount "111"]

1. Nf3 Nf6 2. g3 b5 3. Bg2 Bb7 4. O-O e6 5. a4 b4 6. d3 d5 7. Nbd2 Be7 8. e4
O-O 9. exd5 Bxd5 10. Ne5 Bxg2 11. Kxg2 Qd5+ 12. Qf3 Nfd7 13. Re1 Bf6 14. Qxd5
exd5 15. Ng4 Bd8 16. Nb3 h5 17. Ne3 c6 18. a5 Re8 19. a6 Bf6 20. Rd1 Nb6 21.
Ra2 N8d7 22. Nf5 g6 23. Nd6 Re2 24. Bd2 c5 25. Re1 Rxe1 26. Bxe1 Be5 27. Nb5
Bf6 28. d4 c4 29. Na5 b3 30. cxb3 cxb3 31. Nxb3 Nc4 32. Na5 Re8 33. Kf1 Nxa5
34. Rxa5 Bd8 35. Ra3 Re6 36. Nxa7 Nb8 37. Rc3 Bb6 38. Rc8+ Kg7 39. Rxb8 Bxa7
40. Rb5 Bxd4 41. Rxd5 Bxb2 42. a7 Re8 43. Ba5 Ra8 44. Bb6 Bf6 45. Ke2 Kf8 46.
Rd7 Rc8 47. Rb7 Be5 48. Bc5+ Kg8 49. Be3 Re8 50. Kd3 Kg7 51. Kc4 Kf6 52. Kd5
Rd8+ 53. Kc6 Ke6 54. Rb6 Kf5 55. Ra6 Rc8+ 56. Kb7 1-0

[Event "Elit(Eksjo-Vasteras)"]
[Site "?"]
[Date "2014.03.07"]
[Round "7"]
[White "Gdanski, Jacek"]
[Black "Janse, Rasmus"]
[Result "1-0"]
[WhiteElo "2574"]
[BlackElo "2281"]
[PlyCount "123"]

1. e4 e6 2. d4 d5 3. Nd2 c5 4. exd5 Qxd5 5. Ngf3 cxd4 6. Bc4 Qd6 7. O-O Nf6 8.
Nb3 Nc6 9. Nbxd4 Nxd4 10. Nxd4 a6 11. Bb3 Qc7 12. Re1 Bd6 13. h3 O-O 14. Bg5
Bf4 15. Bxf4 Qxf4 16. c3 b6 17. Re3 Rd8 18. Qe2 Nd5 19. Nc6 Nxe3 20. fxe3 Qc7
21. Nxd8 Qxd8 22. Rd1 Qc7 23. Qc4 Qe7 24. Qd4 Bb7 25. Qxb6 g6 26. Qb4 Qxb4 27.
cxb4 Kf8 28. Rd7 Bc6 29. Rc7 Be4 30. Bc2 Bxc2 31. Rxc2 Rb8 32. a3 Ke7 33. Rc7+
Kf6 34. Rc6 a5 35. bxa5 Rxb2 36. Rc4 Rb7 37. a6 Ra7 38. Rc6 Ke5 39. Rb6 Kd5 40.
a4 f5 41. Kf2 e5 42. Kf3 Ra8 43. g4 Ra7 44. a5 Ra8 45. g5 Ra7 46. h4 Ra8 47.
Rb5+ Ke6 48. e4 f4 49. Rb6+ Kd7 50. Rb7+ Kc6 51. Rb6+ Kd7 52. Rf6 Ke7 53. Ke2
Rd8 54. Rb6 Kd7 55. Rb7+ Kc6 56. Rxh7 Kc5 57. a7 Ra8 58. Kf3 Kb5 59. h5 gxh5
60. g6 Ka6 61. g7 Rg8 62. Rh8 1-0

[Event "Elit(Eksjo-Vasteras)"]
[Site "?"]
[Date "2014.03.07"]
[Round "7"]
[White "Norberg, Johan"]
[Black "Malesevic, Nedeljko"]
[Result "1/2-1/2"]
[WhiteElo "2365"]
[BlackElo "2336"]
[PlyCount "87"]

1. e4 c6 2. Nf3 d5 3. exd5 cxd5 4. Ne5 Nf6 5. Bb5+ Bd7 6. Nxd7 Nbxd7 7. d4 a6
8. Bd3 e6 9. O-O Bd6 10. Re1 Qc7 11. h3 O-O 12. Nd2 Rfc8 13. c3 b5 14. Nf3 b4
15. Bd2 bxc3 16. Bxc3 Bf8 17. g4 g6 18. Qe2 Qb7 19. a4 Rc6 20. Qd2 Rac8 21. a5
Bg7 22. Qf4 Ne8 23. h4 Qc7 24. Bd2 Qxf4 25. Bxf4 Nd6 26. Kg2 Bf8 27. h5 Nc4 28.
b3 Na3 29. hxg6 hxg6 30. Rec1 Nc2 31. Rxc2 Rxc2 32. Bxa6 Ra8 33. Bb5 Nb8 34. a6
Nc6 35. Ne1 Rc3 36. Bd2 Nxd4 37. Bxc3 Nxb5 38. Be5 f6 39. Bxf6 Nc7 40. Nd3 Rxa6
41. Rc1 Ne8 42. Be5 Kf7 43. Rc8 Be7 44. Rb8 1/2-1/2

[Event "Elit(Eksjo-Vasteras)"]
[Site "?"]
[Date "2014.03.07"]
[Round "7"]
[White "Vernersson, Per"]
[Black "Orndahl, Markus"]
[Result "1-0"]
[WhiteElo "2409"]
[BlackElo "2251"]
[PlyCount "78"]

1. d4 d5 2. c4 c6 3. Nf3 Nf6 4. Nc3 a6 5. cxd5 cxd5 6. Bf4 Nc6 7. e3 Bf5 8. a3
e6 9. Ne5 Nxe5 10. Bxe5 Nd7 11. Bg3 Be7 12. Bd3 Bxd3 13. Qxd3 O-O 14. O-O Rc8
15. Rfc1 Nb6 16. b3 Qd7 17. h3 Rc6 18. Qd2 Rfc8 19. Qb2 Bd6 20. Bxd6 Qxd6 21.
Ne2 Nd7 22. Rc3 Rxc3 23. Nxc3 Rc6 24. Rc1 Qc7 25. Ne2 g6 26. Rc3 Kf8 27. Qc1
Rxc3 28. Qxc3 Qxc3 29. Nxc3 Ke7 30. Kf1 Kd6 31. Ke2 f6 32. f3 Kc6 33. Kd3 Kd6
34. h4 Kc6 35. Ne2 Kd6 36. Kc3 Nb8 37. Nf4 Nd7 38. Nd3 Kc6 39. Kb4 b6 1-0

[Event "Elit(Eksjo-Vasteras)"]
[Site "?"]
[Date "2014.03.07"]
[Round "7"]
[White "Bergstrom, Peter"]
[Black "de Verdier, Michael"]
[Result "1/2-1/2"]
[WhiteElo "2332"]
[BlackElo "2398"]
[PlyCount "49"]

1. e4 c5 2. Nf3 e6 3. d4 cxd4 4. Nxd4 Nc6 5. Nc3 Qc7 6. Be3 a6 7. Be2 Nf6 8. a3
d6 9. O-O Be7 10. Kh1 O-O 11. f4 Rd8 12. Qe1 Nxd4 13. Bxd4 e5 14. Be3 exf4 15.
Rxf4 Be6 16. Qf2 Qc6 17. Rf1 Rf8 18. Bd4 Nd7 19. Nd5 Bxd5 20. exd5 Qxc2 21.
Rxf7 Ne5 22. Bxe5 dxe5 23. Bg4 Qxf2 24. R7xf2 b6 25. Be6+ 1/2-1/2

[Event "Elit(Eksjo-Vasteras)"]
[Site "?"]
[Date "2014.03.07"]
[Round "7"]
[White "Ornstein, Axel"]
[Black "Brustkern, Jurgen"]
[Result "1/2-1/2"]
[WhiteElo "2324"]
[BlackElo "2262"]
[PlyCount "94"]

1. Nf3 d5 2. c4 e6 3. g3 c5 4. Bg2 Nc6 5. O-O Nf6 6. b3 Be7 7. e3 O-O 8. Bb2 b6
9. Qe2 Bb7 10. Rd1 Rc8 11. Nc3 Rc7 12. d4 cxd4 13. Nxd4 Qa8 14. Ndb5 Rd7 15.
cxd5 Nb4 16. e4 exd5 17. e5 Ne8 18. a3 Na6 19. b4 Nac7 20. Nd4 Ne6 21. Nf5 N8c7
22. Ne4 d4 23. f4 Rfd8 24. Nxe7+ Rxe7 25. f5 Nf8 26. Rxd4 Rxd4 27. Bxd4 Rd7 28.
Bb2 Bxe4 29. Qxe4 Qd8 30. Re1 Rd2 31. Bc3 Rd3 32. Qc6 Nb5 33. Bb2 Nd4 34. Qe4
Nc2 35. Re2 Rd1+ 36. Bf1 Nd4 37. Rf2 Qd7 38. Kg2 b5 39. Bd3 Nxf5 40. Bc2 g6 41.
Bxd1 Qxd1 42. e6 Nxe6 43. Qe5 Kf8 44. Qh8+ Ke7 45. Bf6+ Kd7 46. Rxf5 gxf5 47.
Qa8 Qe2+ 1/2-1/2

[Event "Elit(LASK-Team Viking)"]
[Site "?"]
[Date "2014.03.08"]
[Round "8"]
[White "Agrest, Evgenij"]
[Black "Tikkanen, Hans"]
[Result "1-0"]
[WhiteElo "2684"]
[BlackElo "2631"]
[PlyCount "79"]

1. c4 b6 2. Nc3 Bb7 3. e4 e5 4. Nf3 Nc6 5. d3 Bc5 6. g3 d6 7. Bg2 Nge7 8. O-O
O-O 9. Kh1 h6 10. Nh4 Nd4 11. Rb1 a5 12. a3 Ne6 13. Nd5 a4 14. Qg4 Nxd5 15.
cxd5 Ng5 16. Nf5 Ba6 17. f4 Bxd3 18. fxg5 h5 19. Qxh5 g6 20. Qh6 gxf5 21. Rxf5
Qe7 22. Ra1 Rfb8 23. Bd2 Qf8 24. Qh5 Qg7 25. Rf6 Bd4 26. Qf3 Bc4 27. Rc1 b5 28.
Rc2 Rf8 29. Be3 Bb3 30. Rxc7 Rac8 31. Rxc8 Rxc8 32. Bh3 Rc7 33. Bd2 Rc2 34.
Rxf7 Qxf7 35. Be6 Qxe6 36. dxe6 Bxe6 37. Qf6 Bc4 38. Qd8+ Kg7 39. Qe7+ Kg8 40.
g6 1-0